000 01158nam a2200241Ia 4500
003 Ost
005 20260507075239.0
008 260507s9999||||xx |||||||||||||| ||und||
040 _cfsecg
041 _aara
082 _a330
100 _aالصرايرة، خالد احمد سلامة
_eمؤلف
245 0 _aالتماثل التنظيمي والأدارء الوظيفي والشعور بالأمن :
_bفي الإدارات الجامعية /
_c خالد احمد سلامة الصرايرة
260 _aعمان:
_bدار كنوز المعرفة,
_c2010
300 _a192 صفحة؛
_bإيضاحات ؛
_c24 سم
504 _aمراجع ص.149 ؛ ملاحق ص.167
520 _aالتعرف على درجة التماثل التنظيمي لدى اعضاء الهيئات التدريسية في الجامعات الأردنية الرسمية ، و بيان علاقته بكل من الشعور بالأمن و الآداء الوظيفي لديهم .
653 _aالاداء الوظيفي
653 _aالإدارة- الجامعة
653 _aالتعليم العالي
653 _aالجامعات
942 _cكتاب
999 _c43611
_d43611